000 00533nam a2200181 i 4500
001 119932
003 ES-MaACL
005 20250812024132.0
007 t|
008 070214s1970 sp a |||| | spa d
100 1 _aPérez-Rioja, José Antonio,
_d1917-2011
_991109
245 1 0 _aSíntesis del arte universal /
_cJosé Antonio Pérez-Rioja.
260 _aMadrid :
_bTecnos,
_c1970.
300 _a483 p. :
_bil. ;
_c20 cm.
650 0 4 _aArte-
_vHistoria
_910107
852 _aES-MaACL
_jC-50126
999 _c119932
_d119932